|
|
|
|
| LEADER |
00923nam a22002898a 4500 |
| 001 |
00045036 |
| 005 |
20191018081010.0 |
| 008 |
181029s2018####-vm#################vie|d |
| 020 |
# |
# |
|a 9786047764280
|c 119000
|
| 041 |
0 |
# |
|a Vie
|
| 082 |
1 |
4 |
|a 650.1
|b TH428QU
|
| 100 |
1 |
# |
|a Spall, Bejamin
|
| 245 |
1 |
0 |
|a Thói quen thức dậy của người thành đạt
|c Benjamin Spall, Michael Xander ; Vân Hà (dịch)
|
| 260 |
# |
# |
|a Hà Nội
|b Thế giới
|c 2019
|
| 300 |
# |
# |
|a 342 tr.
|c 21 cm.
|
| 500 |
# |
# |
|a Tên sách tiếng Anh: My morning routine
|
| 653 |
# |
# |
|a Bí quyết
|
| 653 |
# |
# |
|a Thói quen
|
| 653 |
# |
# |
|a Thành công
|
| 653 |
# |
# |
|a Kinh doanh
|
| 653 |
# |
# |
|a Cuộc sống
|
| 700 |
1 |
# |
|a Xander, Michael
|
| 700 |
# |
# |
|e Dịch
|a Yến, Linh
|
| 852 |
# |
# |
|j KD.0026419
|
| 910 |
# |
# |
|d 18/10/2019
|
| 980 |
# |
# |
|a Trung tâm Học liệu Lê Vũ Hùng, Trường Đại học Đồng Tháp
|